| 000 | 00637cab a2200169 4500 | ||
|---|---|---|---|
| 001 | ##L131173 | ||
| 008 | 050727n2005 000 0 eng u | ||
| 035 | _a(Sirsi) u131173 | ||
| 041 | 0 | _aeng | |
| 245 | 0 | 0 | _aSpecial report: Shrops and Staffs |
| 260 | _c2005 | ||
| 490 | 0 |
_aProperty Week _v70(39) 30 September 2005, 91-101(6) |
|
| 520 | _aSpecial report examining the commercial property market in Shropshire and Staffordshire. Covers: offices in Stoke on Trent; leisure and retail, and industrial property in the region. | ||
| 590 | _aIKA111005 | ||
| 690 | _aPROPERTY-COMMERCIAL PROPERTY-COMMERCIAL PROPERTY MARKET | ||
| 942 | _n0 | ||
| 999 |
_c104660 _d104660 |
||